Xarxa de Museus Locals : agenda 2004 / [Coordinació: Oficina de Patrimoni Cultural] agenda 2004 / [Coordinació:
Publicado:
Barcelona :
Enciclopèdia Catalana Revistes i Col·leccionables : Diputació de Barcelona. Oficina de Patrimoni Cultural ,
2003
Descripción Física:
[128] p. ; 21 cm
Materias:
Xarxa de Museus Locals -- Calendaris
MARC
| LEADER | 00000nam a2200000Ia 4500 | ||
|---|---|---|---|
| 001 | 18818 | ||
| 008 | 160829s2003 xx 000 0 cat d | ||
| 080 | |a B-2-128 | ||
| 245 | |a Xarxa de Museus Locals : |b agenda 2004 / [Coordinació: |b Oficina de Patrimoni Cultural] | ||
| 260 | |a Barcelona : |b Enciclopèdia Catalana Revistes i Col·leccionables : |b Diputació de Barcelona. Oficina de Patrimoni Cultural, |c 2003 | ||
| 300 | |a [128] p. ; |c 21 cm | ||
| 590 | |a Inclou un índex de museus | ||
| 650 | |a Xarxa de Museus Locals |x Calendaris |9 44084 | ||
| 710 | 1 | |a Barcelona (Catalunya : Província). |b Oficina de Patrimoni Cultural |9 52675 | |
| 901 | |a Arxiu | ||
| 942 | |n 1 | ||
| 952 | |0 0 |1 0 |4 0 |6 B2128 |7 1 |9 51785 |a Arxiu |b Arxiu |d 2016-12-01 |l 0 |o B-2-128 |p 18818 |r 2016-12-01 00:00:00 |w 2016-12-01 |y ARXIU | ||
| 999 | |c 55631 |d 55631 | ||